| 000 | 01350nam a2200289 a 4500 | ||
|---|---|---|---|
| 003 | AM-YEHGA | ||
| 005 | 20250618080038.0 | ||
| 008 | 950417s1990 ai a||||r|||||000|||rus|| | ||
| 020 | _a554000812X | ||
| 040 | _aAM-YeHGA | ||
| 041 | 1 | _arus | |
| 245 | 0 | 0 |
_aАрмения, декабрь, 88 / _c[Авт.-сост. Л.Ф. Григорова, А.А.Гаспарян, Л.Х.Манукян ; Худ. Н.П.Степанов]. |
| 260 |
_aЕреван : _bАйастан, _c1990. |
||
| 300 |
_a558, [2] с. : _bфотоил. ; _c26 см. |
||
| 650 | 1 | 4 |
_aИстория Армении _95447 |
| 650 | 1 | 4 |
_aСейсмология _xОчаги землетрясений _zАрмения |
| 650 | 1 | 4 |
_aЗемлетрясения _zСпитак, г. (Армения) _d7 декабря 1988 года |
| 650 | 1 | 4 |
_aОбщество Красного Креста и Красного Полумесяца _xМеждународные связи |
| 650 | 1 | 4 | _aСпасательные бригады и отряды |
| 700 | 1 |
_aГригорова, Л.Ф. _eсост. _4com |
|
| 700 | 1 |
_aГаспарян, Ануш Аракеловна _eсост. _4com |
|
| 700 | 1 |
_aՄանուկյան, Լևոն Խանաևի, _d1938- _eсост. _4com _92691 |
|
| 700 | 1 |
_aСтепанов, Н.П. _eхудож. _4art |
|
| 942 |
_2bbk _cBK |
||
| 001 | 1287893 | ||
| 090 | _c526626 | ||
| 999 |
_c523021 _d523021 |
||